| 000 | 00348nam a2200145Ia 4500 | ||
|---|---|---|---|
| 008 | 200103s9999||||xx |||||||||||||| ||und|| | ||
| 040 | _aIMU-MPC | ||
| 082 | _aColumn-10 | ||
| 100 | _aHatch, G.N. | ||
| 245 | 0 | _aCreative Naval Architecture | |
| 250 | _a1st Ed. | ||
| 260 |
_bThomas Reed Publications Ltd. _c1971 |
||
| 300 | _axvi, 236 | ||
| 942 | _cBK | ||
| 999 |
_c4418 _d4418 |
||